书目信息 |
| 题名: |
建筑工程施工组织试题库
|
|
| 作者: | 宋文学 主编 | |
| 分册: | ||
| 出版信息: | 北京 中国水利水电出版社 2014 |
|
| 页数: | 152页 | |
| 开本: | 26cm | |
| 丛书名: | ||
| 单 册: | ||
| 中图分类: | TU721-44 | |
| 科图分类: | ||
| 主题词: | 建筑工程--施工组织--高等职业教育--题库 , 建筑工程 , 施工组织 | |
| 电子资源: | ||
| ISBN: | 978-7-5170-2029-5 | |
| 000 | 00978nam0 2200253 450 | |
| 001 | 141083 | |
| 005 | 20141106103544.00 | |
| 010 | @a978-7-5170-2029-5@dCNY 26.00 | |
| 100 | @a20140829d2014 em y0chiy50 ea | |
| 101 | 0 | @achi |
| 102 | @aCN@b110000 | |
| 105 | @ay q 000yy | |
| 200 | 1 | @a建筑工程施工组织试题库@9jian zhu gong cheng shi gong zu zhi shi ti ku@b专著@f宋文学主编 |
| 210 | @a北京@c中国水利水电出版社@d2014 | |
| 215 | @a152页@d26cm | |
| 300 | @a高职高专土建类建筑工程技术专业课程试题库 | |
| 330 | @a本书共包括8个学习任务,分别是:建筑施工组织基础知识认知,施工准备,流水施工组织,网络计划技术学习,施工组织总设计编制,单位工程施工组织设计编制,施工知识主要管理措施制定,计算机辅助施工组织设计。并在书后附试题答案。 | |
| 606 | 0 | @a建筑工程@x施工组织@x高等职业教育@j题库 |
| 606 | 0 | @a建筑工程 |
| 606 | 0 | @a施工组织 |
| 690 | @aTU721-44@v5 | |
| 701 | 0 | @a宋文学@9song wen xue@c(职业教育)@4主编 |
| 801 | 0 | @aCN@bZL@c20141106 |
| 905 | @a241430@dTU721-44@eS780 | |
| 建筑工程施工组织试题库/宋文学主编.-北京:中国水利水电出版社,2014 |
| 152页;26cm |
| 高职高专土建类建筑工程技术专业课程试题库 |
| ISBN 978-7-5170-2029-5:CNY 26.00 |
| 本书共包括8个学习任务,分别是:建筑施工组织基础知识认知,施工准备,流水施工组织,网络计划技术学习,施工组织总设计编制,单位工程施工组织设计编制,施工知识主要管理措施制定,计算机辅助施工组织设计。并在书后附试题答案。 |
| ● |
| 相关链接 |
|
|
|
正题名:建筑工程施工组织试题库
索取号:TU721-44/S780
 
预约/预借
| 序号 | 登录号 | 条形码 | 馆藏地/架位号 | 状态 | 备注 |
| 1 | 0836865 | 208368657 | 建筑库201/201建筑库 29排1列1层/ [索取号:TU721-44/S780] | 在馆 | |
| 2 | 0836866 | 208368666 | 建筑库201/201建筑库 29排1列1层/ [索取号:TU721-44/S780] | 在馆 | |
| 3 | 0836867 | 208368675 | 建筑库201/201建筑库 29排1列1层/ [索取号:TU721-44/S780] | 在馆 |